| 000 | 00000nam##2200000za#4500 |
| 001 | 9.599624 |
| 003 | CaOODSP |
| 005 | 20240501092931 |
| 007 | cr ||||||||||| |
| 008 | 150406|2001||||xxc|||||o f|0| 0 fre|d |
| 040 | |aCaOODSP|bfre |
| 043 | |an-cn--- |
| 086 | 1 |aPS83-3/109F-PDF |
| 110 | 2 |aService correctionnel Canada. |
| 245 | 10|aPertinence d'une adaptation culturelle de l'Échelle de réévaluation du potentiel de réinsertion sociale (ERPRS) pour les Autochtones : |h[ressource électronique]|bétude préliminaire / |c[par] Raymond Sioui et Jacques Thibault. |
| 260 | |bService correctionnel Canada |cSeptembre 2001. |
| 300 | |a68p.|bgraphiques, références, tableaux |
| 490 | 1 |aRapport de recherche|v[R-109] |
| 590 | |a10-14-Supp|b2010-12-03 |
| 710 | 2 |aAmiskou Groupe Conseil. |
| 720 | 1 |aSioui, Raymond |
| 720 | 1 |aThibault, Jacques |
| 775 | 08|tRelevance of a cultural adaptation for Aboriginals of the Reintegration Potential Reassessment Scale (RPRS) : |w(CaOODSP)9.568333 |
| 830 | #0|aRapport de recherche (Service correctionnel Canada. Direction de la recherche)|v[R-109]|w(CaOODSP)9.502465 |
| 856 | 40|ahttp://publications.gc.ca|qPDF|s260 Ko|uhttps://publications.gc.ca/collections/collection_2010/scc-csc/PS83-3-109-fra.pdf|y[R-109] |